01077 2200205 4500001002100000005001500021008004100036020000800077035001900085041000800104082001100112084001700123100001900140245004200159250001100201260005900212300002700271520054800298650002500846INLIS00000000000630720200508203516200508||||||||| | ||| |||| ||eng|| a100 0010-0520006307 aeng0 a341.48 a341.48/URO/H0 aMelvin Urofsky00aHak - Hak Rakyat = Kebebasan Individu aCet.1. aVirginiabMahkamah Konstitusi Republik Indonesiac2005 a96 hlm. ; 28 cmc28 cm aDalam esei-esei berikut, saya mencoba menjelaskan apa saja sebagian dari hak-hak yang penting itu, bagaimana mereka berkaitan satu sama lain, dan bagaimana definisi mereka sudah berubah sepanjang waktu karena kebutuhan.Kita tidak hidup di dunia abad ke-18, tapi abad ke-21, dan meskipun semangat dari pendiri bangsa masih memberi kita pemahaman tentang hak-hak yang dilindungi konstitusi itu, setiap generasi bangsa Amerika harus menangkap kembali semangat bagi mereka sendiri, dan menafsirkannya sehingga mereka pun bisa menikmati anugrahnya. 0a1. Hak Azazi Manusia